Development of public libraries in Africa : (Record no. 135930)

MARC details
000 -LEADER
fixed length control field 00720nam a22002417a 4500
005 - DATE AND TIME OF LATEST TRANSACTION
control field 20170124110252.0
010 ## - LIBRARY OF CONGRESS CONTROL NUMBER
LC control number 098345
020 ## - INTERNATIONAL STANDARD BOOK NUMBER
Terms of availability 00.00
035 ## - SYSTEM CONTROL NUMBER
System control number 098345
037 ## - SOURCE OF ACQUISITION
Source of stock number/acquisition Cen Lib/Ret
040 ## - CATALOGING SOURCE
Original cataloging agency DPL
Language of cataloging EN
082 ## - DEWEY DECIMAL CLASSIFICATION NUMBER
Classification number 027.40960
Item number UNE
110 ## - MAIN ENTRY--CORPORATE NAME
Corporate name or jurisdiction name as entry element UNESCO
9 (RLIN) 99412
245 ## - TITLE STATEMENT
Title Development of public libraries in Africa :
Remainder of title the Ibadan seminar /
260 ## - PUBLICATION, DISTRIBUTION, ETC. (IMPRINT)
Place of publication, distribution, etc Paris
Name of publisher, distributor, etc UNESCO
Date of publication, distribution, etc 1954
270 ## - ADDRESS
City Paris
Address 19 avenue Kleber
300 ## - PHYSICAL DESCRIPTION
Extent 153p. :
Dimensions 21cm(Hb)
Other physical details ill.
490 ## - SERIES STATEMENT
Series statement UNESCO public library manuals, 6
500 ## - GENERAL NOTE
General note Includes appendix and bibliographical reference
650 ## - SUBJECT ADDED ENTRY--TOPICAL TERM
Topical term or geographic name as entry element Libraries -- Africa.
9 (RLIN) 99413
650 ## - SUBJECT ADDED ENTRY--TOPICAL TERM
Topical term or geographic name as entry element Libraries.
9 (RLIN) 4519
942 ## - ADDED ENTRY ELEMENTS (KOHA)
Source of classification or shelving scheme Dewey Decimal Classification
Koha item type English Books
Classification part 027.40960
Call number suffix UNE
Holdings
Withdrawn status Lost status Damaged status Not for loan Home library Current library Date acquired Source of acquisition Cost, normal purchase price Total Checkouts Full call number Barcode Date last seen Copy number Cost, replacement price Price effective from Koha item type
        Central Library Central Library 09/10/2015 Cen Lib/Ret 0.00   027.40960 UNE 098345 09/10/2015 1 0.00 09/10/2015 English Books

© Delhi Public Library
Hit Counter
free hit counter